| 000 | 01347cab a22002295a 4500 | ||
|---|---|---|---|
| 001 | L141810 | ||
| 008 | 071221s2007 xxk f 000 0 eng d | ||
| 035 | _a(Sirsi) u141810 | ||
| 041 | 0 | _aeng | |
| 100 | 1 | _aGlanville, Kerry | |
| 245 | 0 | 0 |
_aSportelli Court of Appeal decision _b"there can be no hope with marriage" |
| 260 | _c2007 | ||
| 490 |
_aNews on the Block _v(36) November 2007, 14-15(2) |
||
| 520 | _aReports on the decision of the Court of Appeal in the case of Earl Cadogan v Sportelli (L141130). The ruling was that hope value is not to be included in the price payable for enfranchisement; that the Lands Tribunal was entitled to reject market evidence it considered to be of no assistance; and it was appropriate for the Lands Tribunal to offer guidance to the Leasehold Valuation Tribunals. Considers the Lords' reasoning in the context of lease extensions. Individual experts' views are also given. | ||
| 590 | _aKA | ||
| 650 | 2 | 4 | _aEARL CADOGAN AND ANOTHER V SPORTELLI AND ANOTHER |
| 650 | 2 | 4 | _aLEASEHOLD REFORM, HOUSING AND URBAN DEVELOPMENT ACT 1993 |
| 650 | 2 | 4 | _aCOMMONHOLD AND LEASEHOLD REFORM ACT 2002 |
| 651 | 4 |
_aEngland and Wales _y1543- |
|
| 690 | _aPROPERTY-RESIDENTIAL PROPERTY-LEASEHOLD RESIDENTIAL PROPERTY-RESIDENTIAL LANDLORD AND TENANT-RESIDENTIAL LEASES-RESIDENTIAL LEASEHOLD ENFRANCHISEMENT | ||
| 942 | _n0 | ||
| 999 |
_c79591 _d79591 |
||